Fogging for controlling Phytophthora and Oidium leaf diseases of rubber in India (Record no. 50308)

MARC details
000 -LEADER
fixed length control field 00619nam a2200205Ia 4500
100 ## - MAIN ENTRY--AUTHOR NAME
Personal name Edathil T.T.
245 #0 - TITLE STATEMENT
Title Fogging for controlling Phytophthora and Oidium leaf diseases of rubber in India
260 ## - PUBLICATION, DISTRIBUTION, ETC. (IMPRINT)
Name of publisher Fourth National Seminar on Rubber, June 1984, Salvador, Brazil, pp.156
Year of publication 1984
650 ## - SUBJECT ADDED ENTRY--TOPICAL TERM
Topical Term Disease control
650 ## - SUBJECT ADDED ENTRY--TOPICAL TERM
Topical Term Fogging equipment
650 ## - SUBJECT ADDED ENTRY--TOPICAL TERM
Topical Term Leaf disease
650 ## - SUBJECT ADDED ENTRY--TOPICAL TERM
Topical Term Oidium disease
650 ## - SUBJECT ADDED ENTRY--TOPICAL TERM
Topical Term Phytophthora
700 ## - ADDED ENTRY--PERSONAL NAME
Personal name George M.K.
700 ## - ADDED ENTRY--PERSONAL NAME
Personal name Jacob C.K.
700 ## - ADDED ENTRY--PERSONAL NAME
Personal name Krishnankutty V.
700 ## - ADDED ENTRY--PERSONAL NAME
Personal name Pillay P.N.R.
942 ## - ADDED ENTRY ELEMENTS (KOHA)
Koha item type Bibliography STAF
Holdings
Withdrawn status Lost status Damaged status Not for loan Home library Current library Shelving location Date acquired Koha item type
      Bibliography RRII Library RRII Library Pathology 09/04/2014 Bibliography STAF